[Event "Richmond Keres Memorial 44th"]
[Site "Richmond"]
[Date "2019.05.20"]
[Round "5"]
[White "Wu, Howard"]
[Black "Nyamdorj, Davaaochir"]
[Result "0-1"]
[WhiteElo "2114"]
[BlackElo "2317"]
[PlyCount "86"]
[EventDate "2019.05.18"]
[EventType "swiss"]
[EventRounds "6"]
[EventCountry "CAN"]
[SourceTitle "CBM 190 Extra"]
[Source "ChessBase"]
[SourceDate "2019.07.15"]
[SourceVersion "1"]
[SourceVersionDate "2019.07.15"]
[SourceQuality "1"]

1. Nf3 d5 2. g3 Bg4 3. Bg2 c6 4. d4 Nf6 5. 0-0 e6 6. Ne5 Bh5 7. c4 Nbd7 8. Bf4 Nxe5 9. Bxe5 Bd6 10. Nc3 0-0 11. Bxd6 Qxd6 12. Qb3 a5 13. c5 Qc7 14. f3 Rfb8 15. Na4 e5 16. Nb6 Ra6 17. e3 e4 18. fxe4 Nxe4 19. Bxe4 dxe4 20. Rf4 Re8 21. Nc4 a4 22. Qc2 Bg6 23. Raf1 Re6 24. Ne5 Rxe5 25. dxe5 Qxe5 26. Rd1 h6 27. Rd4 Ra5 28. Rc4 Rb5 29. b3 axb3 30. axb3 Ra5 31. Rf1 Qg5 32. Qc3 Ra2 33. Rf2 Rxf2 34. Kxf2 Qh5 35. Qd4 Qxh2+ 36. Kf1 Bh5 37. Qd7 Qh1+ 38. Kf2 Qf3+ 39. Kg1 Qxg3+ 40. Kf1 Qf3+ 41. Kg1 Qxe3+ 42. Kh2 Qf2+ 43. Kh3 f5 0-1

[Event "Victoria op"]
[Site "Victoria"]
[Date "2019.04.19"]
[Round "1"]
[White "Dixit, Arun"]
[Black "Nyamdorj, Davaaochir"]
[Result "0-1"]
[WhiteElo "2400"]
[BlackElo "2290"]
[PlyCount "68"]
[EventDate "2019.04.19"]
[EventType "swiss"]
[EventRounds "6"]
[EventCountry "CAN"]
[SourceTitle "CBM 190 Extra"]
[Source "ChessBase"]
[SourceDate "2019.07.15"]
[SourceVersion "1"]
[SourceVersionDate "2019.07.15"]
[SourceQuality "1"]

1. e4 c5 2. c4 Nc6 3. Nc3 g6 4. g3 Bg7 5. Bg2 Rb8 6. Nge2 a6 7. 0-0 b5 8. d3 b4 9. Na4 d6 10. Rb1 Bd7 11. b3 Nd4 12. Nxd4 cxd4 13. f4 Nf6 14. h3 0-0 15. Qe1 Bxa4 16. bxa4 Qa5 17. a3 Qxa4 18. Rxb4 Rxb4 19. axb4 Rb8 20. Bd2 Qc2 21. Rf3 a5 22. b5 a4 23. Qc1 Qb3 24. Qa1 a3 25. Bc1 a2 26. Bb2 Nd7 27. Rf1 Nc5 28. Bxd4 Bxd4+ 29. Qxd4 Qa3 30. Kh2 Nb3 31. Qc3 Qa4 32. Qc2 Ra8 33. b6 a1Q 34. b7 Q1a2 0-1

[Event "British Columbia-ch"]
[Site "Vancouver"]
[Date "2018.10.08"]
[Round "7.4"]
[White "Nyamdorj, Davaaochir"]
[Black "Morozov, Grigory"]
[Result "0-1"]
[WhiteElo "2318"]
[BlackElo "2365"]
[PlyCount "118"]
[EventDate "2018.10.05"]
[EventType "tourn"]
[EventRounds "7"]
[EventCountry "CAN"]
[SourceTitle "EXT 2022"]
[Source "ChessBase"]
[SourceDate "2021.10.06"]
[SourceVersion "1"]
[SourceVersionDate "2021.10.06"]
[SourceQuality "1"]

1. d4 d5 2. Bf4 c6 3. c3 Bf5 4. e3 Nf6 5. h3 Nbd7 6. Nf3 Qb6 7. Qb3 a5 8. Qxb6 Nxb6 9. Nbd2 h6 10. Ne5 Na4 11. Bd3 Bxd3 12. Nxd3 e6 13. Ke2 c5 14. dxc5 Nxc5 15. Nxc5 Bxc5 16. Nb3 Bb6 17. a4 Ke7 18. Be5 Rhc8 19. Bxf6+ Kxf6 20. Rhd1 Rc4 21. Nd2 Rc6 22. Ra3 Bc5 23. Rb3 Rb6 24. Rxb6 Bxb6 25. e4 Rc8 26. exd5 exd5 27. Nf3 Ke6 28. Nd4+ Ke5 29. g3 Rc4 30. f4+ Kf6 31. Nc2 Re4+ 32. Kf3 Ke6 33. Nd4+ Bxd4 34. Rxd4 f5 35. b3 Kd6 36. g4 g6 37. gxf5 gxf5 38. Rd1 Kc5 39. Rg1 d4 40. cxd4+ Rxd4 41. Rc1+ Kb4 42. Rc7 Rd3+ 43. Kg2 Rxb3 44. Rxb7+ Kxa4 45. Rh7 Rb6 46. Rf7 Rb5 47. Rh7 Kb4 48. Rxh6 a4 49. h4 a3 50. Re6 a2 51. Re1 Kc3 52. Re3+ Kb2 53. Re2+ Ka3 54. Re3+ Ka4 55. Re1 Rb1 56. Re8 a1Q 57. Ra8+ Kb4 58. Rxa1 Rxa1 59. h5 Ra3 0-1

[Event "British Columbia-ch"]
[Site "Vancouver"]
[Date "2018.10.07"]
[Round "4.2"]
[White "Nyamdorj, Davaaochir"]
[Black "Sohal, Tanraj"]
[Result "0-1"]
[WhiteElo "2318"]
[BlackElo "2377"]
[PlyCount "66"]
[EventDate "2018.10.05"]
[EventType "tourn"]
[EventRounds "7"]
[EventCountry "CAN"]
[SourceTitle "EXT 2022"]
[Source "ChessBase"]
[SourceDate "2021.10.06"]
[SourceVersion "1"]
[SourceVersionDate "2021.10.06"]
[SourceQuality "1"]

1. e4 c5 2. Nf3 e6 3. d4 cxd4 4. Nxd4 Nc6 5. Nc3 Qc7 6. Be3 a6 7. a3 b5 8. g3 Bb7 9. Bg2 Ne5 10. 0-0 Nf6 11. Qe2 Nc4 12. Bc1 Be7 13. Re1 Qb6 14. Nf5 exf5 15. exf5 0-0 16. b3 Bxg2 17. Kxg2 Nd6 18. Qf3 Rae8 19. g4 Qc6 20. Bf4 Nb7 21. g5 Nh5 22. Bd2 Bd8 23. Ne4 a5 24. c4 bxc4 25. bxc4 g6 26. Rab1 Nd6 27. Nxd6 Qxd6 28. Be3 Bc7 29. Rb7 Ng7 30. Rb5 Nxf5 31. Rxf5 gxf5 32. Qxf5 Qe6 33. Qc5 Qc6+ 0-1

[Event "Victoria Grand Pacific op"]
[Site "Victoria"]
[Date "2018.03.30"]
[Round "1.10"]
[White "Doknjas, Neil"]
[Black "Nyamdorj, Davaaochir"]
[Result "0-1"]
[WhiteElo "1888"]
[BlackElo "2253"]
[PlyCount "94"]
[EventDate "2018.03.30"]
[EventType "swiss"]
[EventRounds "6"]
[EventCountry "CAN"]
[SourceTitle "EXT 2022"]
[Source "ChessBase"]
[SourceDate "2021.10.06"]
[SourceVersion "1"]
[SourceVersionDate "2021.10.06"]
[SourceQuality "1"]

1. e4 e5 2. Nf3 Nc6 3. d4 exd4 4. Nxd4 Bc5 5. Be3 Bb6 6. c3 Nf6 7. Nd2 0-0 8. Bc4 Re8 9. 0-0 d5 10. Bb5 Ng4 11. Nxc6 bxc6 12. Bxb6 cxb5 13. Bd4 c5 14. f3 cxd4 15. fxg4 dxe4 16. Qb3 Be6 17. Qxb5 dxc3 18. Nxe4 Qd4+ 19. Nf2 cxb2 20. Rad1 Qc3 21. Ne4 Qe3+ 22. Nf2 Bxg4 23. Rd3 Be2 24. Rxe3 Bxb5 25. Rxe8+ Rxe8 26. Rb1 Rc8 27. Rxb2 Rc1+ 28. Nd1 Rxd1+ 29. Kf2 Be8 30. Ke2 Rh1 31. h3 a5 32. Kf2 a4 33. Rc2 f5 34. Kf3 Rf1+ 35. Kg3 f4+ 36. Kg4 h6 37. Kf5 Kh7 38. Ke5 Bf7 39. a3 f3 40. g4 f2 41. Kf4 Bd5 42. Ke3 Rh1 43. Rxf2 Rxh3+ 44. Kd4 Bg8 45. Kc5 Rxa3 46. Rf1 Rb3 47. Ra1 a3 0-1

[Event "British Columbia op"]
[Site "Richmond"]
[Date "2018.02.12"]
[Round "5.1"]
[White "Nyamdorj, Davaaochir"]
[Black "MacKinnon, Keith"]
[Result "1/2-1/2"]
[WhiteElo "2223"]
[BlackElo "2262"]
[PlyCount "110"]
[EventDate "2018.02.10"]
[EventType "swiss"]
[EventRounds "6"]
[EventCountry "CAN"]
[SourceTitle "EXT 2022"]
[Source "ChessBase"]
[SourceDate "2021.10.06"]
[SourceVersion "1"]
[SourceVersionDate "2021.10.06"]
[SourceQuality "1"]

1. e4 c5 2. Nf3 e6 3. d4 cxd4 4. Nxd4 a6 5. Bd3 Nf6 6. 0-0 Qc7 7. Qe2 Bd6 8. f4 Bc5 9. Be3 h5 10. Nb3 Bxe3+ 11. Qxe3 d6 12. c4 Nc6 13. Nc3 Ng4 14. Qf3 Qb6+ 15. Kh1 Nd4 16. Nxd4 Qxd4 17. Rae1 Bd7 18. e5 Bc6 19. Be4 Rc8 20. Rd1 Qe3 21. exd6 Qxf3 22. Rxf3 f5 23. d7+ Bxd7 24. Bxb7 Rb8 25. Bxa6 Rxb2 26. Kg1 Ke7 27. Bb5 Bxb5 28. cxb5 Rc8 29. h3 Nf6 30. Rc1 Rc4 31. Re1 Ne4 32. Nxe4 fxe4 33. Rg3 Kf6 34. Rg5 Rxa2 35. Rb1 Rcc2 36. b6 Rab2 37. Rxb2 Rxb2 38. Rxh5 Rxb6 39. Re5 Rb4 40. Kf2 Rb2+ 41. Kg3 Rb3+ 42. Kh4 Rb2 43. g4 Rb4 44. g5+ Kf7 45. Kg4 Ra4 46. h4 Rb4 47. h5 Rb1 48. Rxe4 Rg1+ 49. Kf3 Rh1 50. Ra4 Rxh5 51. Ra7+ Kf8 52. Ke4 Rh1 53. Ke5 Re1+ 54. Kd6 g6 55. Ra4 Kf7 1/2-1/2

[Event "British Columbia op"]
[Site "Richmond"]
[Date "2018.02.11"]
[Round "4.1"]
[White "Morozov, Grigory"]
[Black "Nyamdorj, Davaaochir"]
[Result "0-1"]
[WhiteElo "2352"]
[BlackElo "2223"]
[PlyCount "102"]
[EventDate "2018.02.10"]
[EventType "swiss"]
[EventRounds "6"]
[EventCountry "CAN"]
[SourceTitle "EXT 2022"]
[Source "ChessBase"]
[SourceDate "2021.10.06"]
[SourceVersion "1"]
[SourceVersionDate "2021.10.06"]
[SourceQuality "1"]

1. d4 Nf6 2. c4 e6 3. Nf3 d5 4. Nc3 Be7 5. Bg5 h6 6. Bh4 0-0 7. e3 Ne4 8. Bxe7 Qxe7 9. Qc2 Nxc3 10. bxc3 dxc4 11. Bxc4 c5 12. 0-0 b6 13. Ne5 Bb7 14. f4 Nd7 15. Bd3 Rac8 16. Nxd7 Qxd7 17. Qd2 cxd4 18. exd4 b5 19. Rab1 a6 20. Rfe1 Qc7 21. Rbc1 Qd6 22. Bb1 Rfd8 23. Rcd1 Qc7 24. Rc1 Qd6 25. Red1 Qd5 26. Qe2 Rc7 27. Qb2 b4 28. cxb4 Rxc1 29. Rxc1 Qxd4+ 30. Qxd4 Rxd4 31. a3 Rd2 32. Rc7 Rxg2+ 33. Kf1 Rxh2 34. Bd3 Rd2 35. Be2 Bg2+ 36. Ke1 Ra2 37. Rc3 g6 38. Bxa6 h5 39. Bc4 Rb2 40. Rb3 Rc2 41. Bd3 Ra2 42. Be2 h4 43. Bg4 f5 44. Bh3 Bd5 45. Rc3 Kf7 46. b5 Rb2 47. Bf1 e5 48. fxe5 g5 49. a4 g4 50. a5 g3 51. Rc7+ Ke6 0-1

[Event "Philadelphia op 11th"]
[Site "Philadelphia"]
[Date "2017.04.14"]
[Round "5"]
[White "Thavandiran, Shiyam"]
[Black "Nyamdorj, Davaaochir"]
[Result "1-0"]
[WhiteElo "2375"]
[BlackElo "2082"]
[PlyCount "99"]
[EventDate "2017.04.12"]
[EventType "swiss"]
[EventRounds "9"]
[EventCountry "USA"]
[SourceTitle "EXT 2018"]
[Source "ChessBase"]
[SourceDate "2017.10.13"]
[SourceVersion "1"]
[SourceVersionDate "2017.10.13"]
[SourceQuality "1"]

1. e4 e5 2. Bc4 Nf6 3. d3 c6 4. Nf3 d5 5. Bb3 Bb4+ 6. Bd2 Bd6 7. Nc3 d4 8. Ne2 0-0 9. 0-0 Be6 10. Bxe6 fxe6 11. Nexd4 exd4 12. e5 Be7 13. exf6 gxf6 14. Qe2 Qd5 15. Rae1 e5 16. Nh4 Qe6 17. f4 Nd7 18. Qh5 Rf7 19. fxe5 Nxe5 20. Nf5 Bf8 21. Nxd4 Qd5 22. Nf5 Kh8 23. Bc3 Bc5+ 24. d4 Rg8 25. Qe2 Bb6 26. Kh1 Ng6 27. Qe6 Rd8 28. Qxd5 Rxd5 29. Re8+ Rf8 30. Rxf8+ Nxf8 31. Ne3 Rd7 32. Rxf6 Kg8 33. Nf5 Ng6 34. g3 Rd5 35. Rxg6+ hxg6 36. Ne7+ Kf7 37. Nxd5 cxd5 38. Kg2 Kf6 39. Kf3 a6 40. Kg4 Ba7 41. a4 b5 42. axb5 axb5 43. Bd2 Bxd4 44. Bc3 Ke5 45. Bxd4+ Kxd4 46. Kf3 b4 47. Ke2 Ke4 48. h4 Kf5 49. Kf3 Ke5 50. g4 1-0

[Event "British Columbia op"]
[Site "Richmond"]
[Date "2017.02.11"]
[Round "2.2"]
[White "Morozov, Grigory"]
[Black "Nyamdorj, Davaaochir"]
[Result "1/2-1/2"]
[WhiteElo "2348"]
[BlackElo "2149"]
[PlyCount "89"]
[EventDate "2017.02.11"]
[EventType "swiss"]
[EventRounds "6"]
[EventCountry "CAN"]
[SourceTitle "EXT 2022"]
[Source "ChessBase"]
[SourceDate "2021.10.06"]
[SourceVersion "1"]
[SourceVersionDate "2021.10.06"]
[SourceQuality "1"]

1. d4 Nf6 2. Nf3 d5 3. c4 e6 4. Nc3 Be7 5. Bg5 h6 6. Bh4 0-0 7. e3 Ne4 8. Bxe7 Qxe7 9. Qb3 c6 10. Bd3 Nxc3 11. bxc3 Nd7 12. 0-0 dxc4 13. Qxc4 e5 14. Bc2 c5 15. Rab1 a6 16. Rfe1 Rb8 17. Bf5 b5 18. Qb3 Bb7 19. e4 exd4 20. cxd4 cxd4 21. Nxd4 Ne5 22. Qg3 Rbd8 23. Nf3 Nxf3+ 24. Qxf3 Rd2 25. a3 Rfd8 26. Qb3 g6 27. Bh3 R8d3 28. Qb4 Qh4 29. Qc5 Rd4 30. f3 Rc4 31. Qe3 Rcd4 32. a4 b4 33. a5 Kh7 34. Rf1 Qd8 35. Qf4 Qe7 36. Rbc1 Rd6 37. Rb1 R6d4 38. Rfc1 Rd6 39. Rxb4 Rd1+ 40. Rxd1 Rxd1+ 41. Kf2 Qc5+ 42. Kg3 Qxb4 43. Qxf7+ Kh8 44. Qf6+ Kh7 45. Qf7+ 1/2-1/2

[Event "Wch U20 55th"]
[Site "Bhubaneswar"]
[Date "2016.08.17"]
[Round "9"]
[White "Nyamdorj, Davaaochir"]
[Black "Yogit, S."]
[Result "0-1"]
[WhiteElo "2015"]
[BlackElo "2270"]
[PlyCount "130"]
[EventDate "2016.08.08"]
[EventType "swiss"]
[EventRounds "13"]
[EventCountry "IND"]
[SourceTitle "CBM 173 Extra"]
[Source "ChessBase"]
[SourceDate "2016.08.29"]
[SourceVersion "1"]
[SourceVersionDate "2016.08.29"]
[SourceQuality "1"]

1. e4 e5 2. Nf3 Nc6 3. Bb5 a6 4. Ba4 Nf6 5. 0-0 Be7 6. Re1 b5 7. Bb3 d6 8. c3 0-0 9. h3 Bb7 10. d4 Re8 11. Nbd2 Bf8 12. a3 h6 13. d5 Nb8 14. Nh2 Nbd7 15. Ng4 Nc5 16. Nxf6+ Qxf6 17. Bc2 c6 18. b4 Na4 19. Bxa4 bxa4 20. Nc4 cxd5 21. Nb6 dxe4 22. Nxa8 Rxa8 23. c4 Qe6 24. Qe2 f5 25. Bb2 f4 26. Rac1 f3 27. Qf1 Be7 28. g3 e3 29. fxe3 f2+ 30. Qxf2 Qxh3 31. e4 Rf8 32. Qg2 Qg4 33. Rc3 Bd8 34. c5 dxc5 35. bxc5 Ba5 36. Qe2 Qg6 37. Re3 Bxe1 38. Qxe1 Qg5 39. Qe2 Bc6 40. Rf3 Rxf3 41. Qxf3 Qd2 42. Qc3 Qd1+ 43. Kf2 Bb5 44. g4 Qf1+ 45. Kg3 Qf4+ 46. Kg2 Bf1+ 47. Kg1 Be2 48. Qe1 Qxg4+ 49. Kh2 Qh5+ 50. Kg1 Bb5 51. Qd2 Qg4+ 52. Qg2 Qd1+ 53. Kh2 Bc6 54. Kg3 Qe1+ 55. Qf2 Qxe4 56. Qd2 Qf3+ 57. Kh2 Qf4+ 58. Qxf4 exf4 59. Kh3 Bf3 60. Bc3 Kh7 61. Be5 g5 62. Bxf4 gxf4 63. c6 Bxc6 64. Kg4 f3 65. Kg3 Kg6 0-1

[Event "Wch U20 55th"]
[Site "Bhubaneswar"]
[Date "2016.08.11"]
[Round "4"]
[White "Krishna Teja, N."]
[Black "Nyamdorj, Davaaochir"]
[Result "1-0"]
[WhiteElo "2282"]
[BlackElo "2015"]
[PlyCount "71"]
[EventDate "2016.08.08"]
[EventType "swiss"]
[EventRounds "13"]
[EventCountry "IND"]
[SourceTitle "CBM 173 Extra"]
[Source "ChessBase"]
[SourceDate "2016.08.29"]
[SourceVersion "1"]
[SourceVersionDate "2016.08.29"]
[SourceQuality "1"]

1. d4 Nf6 2. c4 e6 3. Nf3 d5 4. Nc3 Be7 5. Bf4 0-0 6. e3 Nbd7 7. c5 c6 8. h3 b6 9. b4 a5 10. a3 h6 11. b5 bxc5 12. bxc6 Nb6 13. Nb5 Nc4 14. Bc7 Qe8 15. Bxc4 Qxc6 16. Ne5 Qb7 17. Be2 Ne8 18. Rb1 c4 19. Bd6 Nxd6 20. Nxd6 Qa6 21. Nxc8 Rfxc8 22. a4 Rab8 23. 0-0 Rb4 24. Qc2 Rcb8 25. Bh5 Rf8 26. f4 Bd6 27. Nf3 Qc6 28. f5 Rxa4 29. fxe6 fxe6 30. Nh4 Rb4 31. Qg6 Qd7 32. Rxf8+ Bxf8 33. Rxb4 axb4 34. Bg4 Qd6 35. Bxe6+ Kh8 36. Qf7 1-0

[Event "Wch U20 55th"]
[Site "Bhubaneswar"]
[Date "2016.08.08"]
[Round "1"]
[White "Nyamdorj, Davaaochir"]
[Black "Lokander, Martin"]
[Result "1-0"]
[WhiteElo "2015"]
[BlackElo "2365"]
[PlyCount "45"]
[EventDate "2016.08.08"]
[EventType "swiss"]
[EventRounds "13"]
[EventCountry "IND"]
[SourceTitle "CBM 173 Extra"]
[Source "ChessBase"]
[SourceDate "2016.08.29"]
[SourceVersion "1"]
[SourceVersionDate "2016.08.29"]
[SourceQuality "1"]

1. e4 e5 2. Nf3 Nc6 3. Bb5 a6 4. Ba4 Nf6 5. 0-0 b5 6. Bb3 Bb7 7. d3 Bd6 8. c3 0-0 9. Nbd2 Re8 10. Ng5 Rf8 11. f4 Bc5+ 12. Kh1 d6 13. Ndf3 h6 14. Nxf7 Rxf7 15. Ng5 hxg5 16. Bxf7+ Kxf7 17. fxg5 Qh8 18. gxf6 g6 19. b4 Bb6 20. Qb3+ Kf8 21. f7 Ne7 22. Bg5 Nf5 23. Rxf5 1-0

[Event "Wch U18"]
[Site "Durban"]
[Date "2014.09.26"]
[Round "8"]
[White "De Abreu, Roberto N"]
[Black "Nyamdorj, Davaaochir"]
[Result "1-0"]
[WhiteElo "2009"]
[BlackElo "1804"]
[PlyCount "42"]
[EventDate "2014.09.20"]
[EventType "swiss"]
[EventRounds "11"]
[EventCountry "RSA"]
[SourceTitle "CBM 162 Extra"]
[Source "ChessBase"]
[SourceDate "2014.10.17"]
[SourceVersion "1"]
[SourceVersionDate "2014.10.17"]
[SourceQuality "1"]

1. d4 Nf6 2. c4 e6 3. g3 Bb4+ 4. Bd2 Bxd2+ 5. Qxd2 d5 6. Nf3 c6 7. Bg2 Nbd7 8. 0-0 0-0 9. Rc1 b6 10. Ne5 Bb7 11. cxd5 cxd5 12. Nc3 a6 13. Qg5 Qe7 14. Na4 Qd6 15. Rc3 Rac8 16. Rac1 Rxc3 17. Rxc3 Qb4 18. b3 Nxe5 19. dxe5 Ne4 20. Bxe4 dxe4 21. Qe3 b5 1-0

[Event "Wch U18"]
[Site "Durban"]
[Date "2014.09.23"]
[Round "5"]
[White "Nyamdorj, Davaaochir"]
[Black "Abe, Mahiro"]
[Result "1-0"]
[WhiteElo "1804"]
[BlackElo "2146"]
[PlyCount "69"]
[EventDate "2014.09.20"]
[EventType "swiss"]
[EventRounds "11"]
[EventCountry "RSA"]
[SourceTitle "CBM 162 Extra"]
[Source "ChessBase"]
[SourceDate "2014.10.17"]
[SourceVersion "1"]
[SourceVersionDate "2014.10.17"]
[SourceQuality "1"]

1. e4 e5 2. Nf3 Nf6 3. Nxe5 d6 4. Nf3 Nxe4 5. Nc3 Nxc3 6. dxc3 Be7 7. Be3 Nc6 8. Qd2 Bg4 9. 0-0-0 Qd7 10. h3 Bxf3 11. gxf3 Qe6 12. Kb1 Ne5 13. Qe2 a6 14. h4 0-0 15. f4 Ng4 16. Bg2 Nxe3 17. fxe3 c6 18. e4 Bf6 19. h5 Rfe8 20. Rde1 Rab8 21. Bh3 Qe7 22. Bf5 Qc7 23. Reg1 Qa5 24. Qd3 Rbd8 25. Rg3 Qb5 26. Qf3 Kh8 27. Qg4 Qc5 28. Bxh7 Kxh7 29. e5 dxe5 30. Qf5+ Kg8 31. Qxf6 Kf8 32. Rxg7 Qd5 33. Rc1 Rd6 34. Qg5 f6 35. Qh6 1-0